000 00567nam a2200169 i 4500
001 148826
003 ES-MaACL
005 20230906202827.0
007 t|
008 070214s1916 sp r ||||1| spa d
100 1 _aLeón Suárez, José.
_9141637
245 1 3 _aEl apresamiento del vapor argentino `Presidente Mitre` ante el Derecho Internacional /
_cJosé León Suárez.
260 _a[S. l. :
_bs. n.],
_c1916 (
_fImp. José Gutiérrez Hermanos)
610 2 4 _aPresidente Mitre (Barco)
_9159198
650 0 4 _aPresa marítima.
_916376
852 _aES-MaACL
_j1485-F-7
999 _c148826
_d148826